000 00436nam a2200181Ia 4500
003 GCL
008 140319s9999 xx 000 0 eng d
040 _aGCL /
_cGCL
082 0 4 _aCH
_b790.133
_bA A
100 1 _aROSS, NEIL
245 1 0 _aACTION TOYS /
_cROSS, NEIL
700 1 _aAMERY, HEATHER
260 _a[S.N] :
_bUSBORNE PUBLISHING LTD ،
_c1975
300 _a32 P
650 0 4 _aCHILDREN
650 0 4 _aTOYS
942 _2ddc
_cBK
999 _c15062
_d15062